Statistics for Countries Closest to Timor-Leste - 15 Second Sprint

Click here to take the quiz!

General Stats

  • This quiz has been taken 38 times
  • The average score is 5 of 20

Answer Stats

kmcountrymiles% Correct
0Indonesia0
96%
1594Malaysia990
75%
461Australia286
67%
1506Papua New Guinea936
58%
1813Brunei1127
42%
2516Singapore1563
42%
1538Philippines956
21%
3227Laos2005
17%
2979Thailand1851
17%
2988Cambodia1857
13%
3433China2133
13%
3796India2359
13%
1620Palau1006
13%
2899Vietnam1802
13%
3624Japan2252
8%
3549Myanmar2205
8%
2176Micronesia1352
0%
3109Solomon Islands1932
0%
3436Taiwan2135
0%
4319Vanuatu2684
0%

Score Distribution

Percentile by Number Answered

Percent of People with Each Score

Your Score History

You have not taken this quiz